01478nam a2200277 a 450000100100000000500170001000800410002704000250006808200210009310000400011424500800015426000480023430000280028250000710031059000260038165000280040765000310043570000340046691000370050095201340053795201340067195201340080595201190093995201250105899900170118300001051320240412074219.0091007s1980 dr a 000 p spa d aDO-SdBNPbspacBNPHU aRD861.44bM385ma1 aMartínez, Héctor,d1949-92551710aManifiesto al cielo /cHéctor Martínez ; ilustración Rafael Castillo. aSanto Domingo :bEditora de la UASD,c1980. a137 p. :bil. ;c19 cm. aIncluye datos biográficos del autor en la solapa de la cubierta. aInventariado, 2018/LP 0aPoesía dominicana966 0aLiteratura dominicana.96712aCastillo, Rafael,eil.925518 aValidado. Control de calidad MFF 001054708DSaGRbGRcHDd2009-10-07iLF1l0oRD861.44 M385map10513-30r2020-06-25te. 3w2020-06-25yLFDSZPréstamo en sala 001054708DSaGRbGRcHDd2009-10-14iLF1l0oRD861.44 M385map10513-40r2020-06-25te. 4w2020-06-25yLFDSZPréstamo en sala 001154708DSaGRbGRcMId2013-03-06iLF1l0oRD861.44 M385map10513-50r2020-06-25te. 5w2020-06-25yLFDSZPréstamo en sala 0010718PDaPDbPDcHDd2009-10-07iLF1l0oRD861.44 M385map10513-10r2020-06-25w2020-06-25yLFPDZNo se presta 0010718PDaPDbPDcHDd2009-10-07iLF1l0oRD861.44 M385map10513-20r2020-06-25te. 2w2020-06-25yLFPDZNo se presta c10272d10272